02216cam a2200301 i 450000100190000000500170001900700030003600800410003902000280008003500600010803500240016804000730019205000270026510000380029224500460033026400390037630000410041550400410045652010970049761000600159461100590165465000280171365000330174165000240177494200080179895200930180699900150189999110738124210619620250324111227.0ta240209s2024 enkbc b 000 1 eng d a9781399726344qhardback a(OCoLC)1420908312z(OCoLC)1375547201z(OCoLC)1375553251 a(OCoLC)on1420908312 aAU@bengcAU@dATNSHdAUPTLerdadAUNTLdOCLCOdORUdYDXdSINLBdLIV 4aPR6102.R3333bM56 2024 aBradley, Kaliane,eauthor.92500414aThe Ministry of Time c/ Kaliane Bradley. 1aLondon, England :bSceptre,c2024. a353 pages :bmap, portrait ;c24 cm. aIncludes bibliographical references. aIn the near future, a disaffected civil servant is offered a lucrative job in a mysterious new government ministry gathering 'expats' from across history to test the limits of time-travel. Her role is to work as a 'bridge': living with, assisting and monitoring the expat known as '1847' - Commander Graham Gore. As far as history is concerned, Commander Gore died on Sir John Franklin's doomed expedition to the Arctic, so he's a little disoriented to find himself alive and surrounded by outlandish concepts such as 'washing machine', 'Spotify' and 'the collapse of the British Empire'. With an appetite for discovery and a seven-a-day cigarette habit, he soon adjusts; and during a long, sultry summer he and his bridge move from awkwardness to genuine friendship, to something more. But as the true shape of the project that brought them together begins to emerge, Gore and the bridge are forced to confront their past choices and imagined futures. Can love triumph over the structures and histories that have shaped them? And how do you defy history when history is living in your house? 0aGreat BritainxOfficials and employeesvFiction.925005 0aJohn Franklin Arctic Expeditiond(1845-1851)vFiction. 0aCivil servicevFiction. 0aTime travelvFiction.922838 0aRoommatesvFiction. 2lcc 00102lcc4070aTBSbTBSd2025-03-24l0oP-EN BRApB05632r2025-03-24t1w2025-03-24y1 c4570d4570